One Piece - fruit du démon manger deux fois - Statistiques

Statistiques générales
  • Ce quiz a été pris 166 fois
  • Le résultat moyen est 11 sur 24
Statistiques - réponses
Réponse % Correct
7 Portgas D. Ace
83%
7 Sabo
83%
5 Marshall D. Teach
81%
5 Edward Newgate
79%
4 Bartoloméo
63%
1 Monkey D. Luffy
63%
1 Joy Boy
59%
6 Absalom
54%
6 Shilliew
50%
2 Bon Clay
49%
5 Fruit du tremblement
49%
4 Fruit de la Barrière
48%
3 Charlotte Linlin
43%
7 Pyro - Fruit
42%
1 Fruit de l'humain, modèle Nika
41%
8 Trafalgar D. Water Law
38%
6 Fruit de l'Invisibilité
37%
3 Mother Carmel
34%
2 Travesti - Fruit
34%
3 Fruit des Ames
27%
8 Fruit du Bistouri
22%
2 Kurozumi Higurashi
20%
4 Kurozumi Semimaru
20%
8 Un Docteur très réputé
6%
Aucun quiz correspondant
Distribution des résultats
% des personnes avec chaque résultat
Percentile par nombre de réponses
Votre historique - résultats
Vous n’avez pas pris ce quiz